000 01512nam a22002537a 4500
003 AR-RoUNCS
005 20260223085124.0
008 161018s2015 ag a br 001 f spa
015 _aAR-2015
020 _a978-987-24750-4-8
040 _aAR-BaBN
_bspa
_cAR-BaBN
_eaacr
080 1 _a82-32(410)
_22016
100 1 _aStevenson, Robert Louis,
_d1850-1894
_eautor
245 1 3 _aEl extraño caso del doctor Jekyll y el señor Hyde /
_cRobert L. Stevenson.
250 _a1a ed., 2a reimpr.
260 _aBuenos Aires :
_bLa Estación,
_c2015.
300 _a47 p. :
_bprincipalmente il. col. ;
_c22 cm.
520 3 _aLondres, a fines del S. XIX, es una ciudad moderna: suntuosos edificios, calles iluminadas por faroles de gas, elegantes carruajes y peatones refinados... Sin embargo, en medio de tanto esplendor, empiezan a surgir los indicios de una amenaza, a través de los crímenes de un tal señor hyde. A lo largo de un relato que mantiene en vilo al lector, Stevenson va desplegando poco a poco las claves del siniestro personaje, hasta llegar al mayor de todos los misterios: su extraña relación con el doctor Jekyll, un ciudadano ejemplar. Desde el momento de su publicación, esta novela se ha consagrado como una obra maestra del suspenso y con una fascinante indagación del alma humana.
_c(Descripción del editor).
650 7 _2embne
_aLitaratura inglesa
655 7 _aNovelas cortas
_2embne
655 7 _aNovelas fantásticas
_2embne
655 7 _aLibros juveniles
_2embne
942 _2udc
_cOG
_n0
999 _c910
_d910